Una aventura de los siete secretos / (Registro nro. 9438)
[ vista simple ]
| 000 -LEADER | |
|---|---|
| fixed length control field | 00956nam a22003371 4500 |
| 001 - CONTROL NUMBER | |
| control field | 02068 |
| 003 - CONTROL NUMBER IDENTIFIER | |
| control field | DO-SdBNP |
| 005 - DATE AND TIME OF LATEST TRANSACTION | |
| control field | 20180206105926.0 |
| 007 - PHYSICAL DESCRIPTION FIXED FIELD--GENERAL INFORMATION | |
| fixed length control field | 02068 |
| 008 - FIXED-LENGTH DATA ELEMENTS--GENERAL INFORMATION | |
| fixed length control field | 900725s1975 sp spa |
| 016 7# - NATIONAL BIBLIOGRAPHIC AGENCY CONTROL NUMBER | |
| Record control number | |
| Canceled/invalid record control number | |
| Source | BPMSU |
| 017 ## - COPYRIGHT OR LEGAL DEPOSIT NUMBER | |
| Copyright or legal deposit number | |
| Assigning agency | |
| 020 ## - INTERNATIONAL STANDARD BOOK NUMBER | |
| International Standard Book Number | 8426155189 |
| 035 ## - SYSTEM CONTROL NUMBER | |
| System control number | |
| 040 ## - CATALOGING SOURCE | |
| Original cataloging agency | BPMSU |
| Language of cataloging | spa |
| Transcribing agency | BPMSU |
| 080 #0 - UNIVERSAL DECIMAL CLASSIFICATION NUMBER | |
| Universal Decimal Classification number | |
| 082 ## - DEWEY DECIMAL CLASSIFICATION NUMBER | |
| Classification number | 823.8 |
| Item number | B661A |
| 100 1# - MAIN ENTRY--PERSONAL NAME | |
| Personal name | Blyton, Enid, |
| Dates associated with a name | 1897-1968. |
| 245 14 - TITLE STATEMENT | |
| Title | Una aventura de los siete secretos / |
| Statement of responsibility, etc. | Enid Blyton : traducción, F. Ulsamer ; ilustración Burgess Sharrocks |
| Medium | |
| 250 ## - EDITION STATEMENT | |
| Edition statement | 6ª ed. |
| 260 ## - PUBLICATION, DISTRIBUTION, ETC. (IMPRINT) | |
| Place of publication, distribution, etc. | Barcelona : |
| Name of publisher, distributor, etc. | Juventud, |
| Date of publication, distribution, etc. | 1975. |
| 300 ## - PHYSICAL DESCRIPTION | |
| Extent | 119 p. : |
| Dimensions | 21 cm |
| Other physical details | |
| 490 1# - SERIES STATEMENT | |
| Series statement | "Siete Secretos" |
| Volume/sequential designation | 2 |
| 650 ## - SUBJECT ADDED ENTRY--TOPICAL TERM | |
| Source of heading or term | CUENTOS INFANTILES INGLESES |
| 700 12 - ADDED ENTRY--PERSONAL NAME | |
| Personal name | Ulsamer, F. |
| Relator term | tr. |
| 700 12 - ADDED ENTRY--PERSONAL NAME | |
| Personal name | Sharrocks,Burgess |
| Relator term | il. |
| 830 #0 - SERIES ADDED ENTRY--UNIFORM TITLE | |
| Name of part/section of a work | "Siete Secretos" |
| Volume number/sequential designation | 2 |
| 942 ## - ADDED ENTRY ELEMENTS (KOHA) | |
| Source of classification or shelving scheme | Dewey Decimal Classification |
| Koha item type | Libros |
| 945 ## - LOCAL PROCESSING INFORMATION (OCLC) | |
| a | Inventariado, 2018 /LP |
| 956 ## - LOCAL ELECTRONIC LOCATION AND ACCESS (OCLC) | |
| Host name | VMATEO |
| Access method | 10 |
| Materials specified | 20160330 |
| Linkage | BPMSU |
| Field link and sequence number | 0069 |
| Withdrawn status | Lost status | Source of classification or shelving scheme | Damaged status | Not for loan | Collection code | Home library | Current library | Date acquired | Source of acquisition | Total Checkouts | Full call number | Barcode | Date last seen | Price effective from | Koha item type |
|---|---|---|---|---|---|---|---|---|---|---|---|---|---|---|---|
| Dewey Decimal Classification | Colección General | Biblioteca Pública Metropolitana Salomé Ureña | Biblioteca Pública Metropolitana Salomé Ureña | 03/30/2016 | FUNDI | 823.8 B661A | BPMET16030320 | 03/30/2016 | 03/30/2016 | Libros |